Największe miasta w Polsce na literę - Statystyki

Ogólne statystyki
  • Ten quiz został rozwiązany 95 razy
  • Średni wynik to 9 z 9
Statystyki odpowiedzi
Hint Odpowiedź % Poprawnych
G Gdańsk
100%
P Poznań
99%
K Kraków
98%
L Lublin
98%
W Warszawa
98%
T Toruń
94%
Ł Łódź
93%
S Szczecin
93%
B Bydgoszcz
90%
Nie znaleziono quizów pasujących do podanych kryteriów
Rozkład punktacji
Procent ludzi z każdym wynikiem
Percentyl według liczby udzielonych odpowiedzi
Twoja historia wyników
Nie rozwiązałeś tego quizu